| 000 | 00904nam a2200241 a 4500 | ||
|---|---|---|---|
| 001 | 44809 | ||
| 003 | BD-RjUL | ||
| 005 | 20211209053924.0 | ||
| 008 | 160720r1962 B ||||| |||| 00| 0 ben d | ||
| 020 | _c: TK 4.00 | ||
| 035 | _a(BD-RjUL)44927 | ||
| 040 |
_aBD-RjUL _bben _cBD-RjUL |
||
| 041 | _aben | ||
| 082 |
_223 _a891.443 _bSAP 1962 |
||
| 100 | 1 |
_aসান্যাল, প্রবোধকুমার _9137349 |
|
| 245 | 1 | 0 |
_aপ্রিয় বান্ধবী / _cপ্রবোধকুমার সান্যাল |
| 250 | _a১ম সং. | ||
| 260 |
_aঢাকা : _bষ্টাণ্ডার্ড পাবলিশার্স লিমিটেড, _c১৯৬২ |
||
| 300 |
_a১৯৫ পৃ. : _bচিত্র ; _c২২ সেমি. |
||
| 650 |
_aবাংলা _vউপন্যাস _9118345 |
||
| 650 |
_a Bengali _vFiction _9137350 |
||
| 942 |
_2ddc _cBK |
||
| 999 |
_c44809 _d44809 |
||